[Event "Bad Woerishofen op 17th"]
[Site "Bad Woerishofen"]
[Date "2001.03.15"]
[Round "1"]
[White "Kleinhenz, Hans Georg"]
[Black "Farago, Ivan"]
[Result "0-1"]
[WhiteElo "2038"]
[BlackElo "2453"]
[PlyCount "30"]
[EventDate "2001.03.15"]
[EventType "swiss"]
[EventRounds "9"]
[EventCountry "GER"]
[SourceTitle "CBM 081 Extra"]
[Source "ChessBase"]
[SourceDate "2001.05.06"]
[SourceVersion "1"]
[SourceVersionDate "2001.05.06"]
[SourceQuality "1"]

1. d4 Nf6 2. c4 e6 3. Nc3 Bb4 4. Qb3 c5 5. dxc5 Bxc5 6. Bg5 Bxf2+ 7. Kd1 h6 8. Bxf6 Qxf6 9. Nf3 Bc5 10. Ne4 Qe7 11. Qc3 0-0 12. Nxc5 Qxc5 13. b4 Qc7 14. e3 a5 15. b5 b6 0-1

[Event "Biel MTO op"]
[Site "Biel"]
[Date "2000.07.27"]
[Round "4"]
[White "Ditzler, Juerg"]
[Black "Kleinhenz, Hans Georg"]
[Result "1-0"]
[WhiteElo "2140"]
[BlackElo "2041"]
[PlyCount "63"]
[EventDate "2000.07.24"]
[EventType "swiss"]
[EventRounds "11"]
[EventCountry "SUI"]
[SourceTitle "CBM 077 Extra"]
[Source "ChessBase"]
[SourceDate "2000.09.14"]
[SourceVersion "1"]
[SourceVersionDate "2000.09.14"]
[SourceQuality "1"]

1. d4 e6 2. Nf3 Nf6 3. c4 Bb4+ 4. Bd2 Bxd2+ 5. Nbxd2 b6 6. e4 d6 7. Bd3 Qe7 8. e5 Nfd7 9. Be4 c6 10. 0-0 d5 11. Bd3 Bb7 12. Qc2 c5 13. cxd5 Bxd5 14. Ne4 Nc6 15. Nd6+ Kf8 16. Be4 Nb4 17. Qe2 Bxe4 18. Qxe4 Nd5 19. Nf5 Qd8 20. Ne3 cxd4 21. Nxd4 Nc5 22. Qf3 Qd7 23. b4 Nd3 24. Nxd5 Nxe5 25. Qf4 Qxd5 26. Rad1 Ng6 27. Qc7 Qe5 28. Qb7 Qb8 29. Qe4 Qe8 30. Nb5 Rc8 31. Qb7 Ra8 32. Nd6 1-0

[Event "Biel MTO op"]
[Site "Biel"]
[Date "2000.07.26"]
[Round "3"]
[White "Kleinhenz, Hans Georg"]
[Black "Bozinovic, Bogdan"]
[Result "0-1"]
[WhiteElo "2041"]
[BlackElo "2303"]
[PlyCount "60"]
[EventDate "2000.07.24"]
[EventType "swiss"]
[EventRounds "11"]
[EventCountry "SUI"]
[SourceTitle "CBM 077 Extra"]
[Source "ChessBase"]
[SourceDate "2000.09.14"]
[SourceVersion "1"]
[SourceVersionDate "2000.09.14"]
[SourceQuality "1"]

1. d4 Nf6 2. c4 c5 3. d5 e6 4. Nc3 exd5 5. cxd5 d6 6. e4 g6 7. Bd3 Bg7 8. Nge2 0-0 9. 0-0 Na6 10. f3 Nc7 11. Be3 Rb8 12. Rb1 Re8 13. Qd2 b6 14. a3 Ba6 15. Bxa6 Nxa6 16. Qd3 Nc7 17. b4 Nd7 18. f4 Qc8 19. Rf3 cxb4 20. axb4 a5 21. Nd4 axb4 22. Rxb4 Na6 23. Rc4 Nac5 24. Qb1 b5 25. Ncxb5 Bxd4 26. Bxd4 Qa6 27. Rb4 Nxe4 28. Ra3 Qb7 29. Ra7 Qxd5 30. Nc7 Qxd4+ 0-1